[Event "1. Bl. 0607"]
[Site "?"]
[Date "2007.03.08"]
[Round "8.3"]
[White "Shengelia, Davit"]
[Black "Horvath, Jozsef"]
[Result "1-0"]
[WhiteElo "2523"]
[BlackElo "2539"]
[PlyCount "93"]
[EventDate "2006.11.03"]
[EventType "team"]
[EventRounds "11"]
[EventCountry "AUT"]
[WhiteTeam "Styria Graz   KlZeitung"]
[BlackTeam "SC Die Klagenfurter"]

1. d4 Nf6 2. c4 g6 3. Nc3 d5 4. Bg5 Ne4 5. Bh4 Nxc3 6. bxc3 dxc4 7. e3 Be6 8.
Qb1 Qd5 9. Ne2 Bf5 10. Nf4 Qc6 11. d5 Qb6 12. Qxb6 axb6 13. Bxc4 Bg7 14. Kd2
Nd7 15. e4 Ra4 16. Bd3 Bxe4 17. Rhe1 Be5 18. Bxe4 Bxf4+ 19. Kc2 Bd6 20. Bg3 O-O
21. Bd3 Nf6 22. c4 Rfa8 23. Bxd6 exd6 24. Re7 Rc8 25. Kb3 Raa8 26. a4 Kf8 27.
Re3 Re8 28. Rxe8+ Rxe8 29. h3 h5 30. Kc3 h4 31. Kd2 Re5 32. a5 bxa5 33. Rxa5
Rg5 34. Bf1 Ne4+ 35. Ke3 Re5 36. Ra8+ Ke7 37. f4 Ng3+ 38. fxe5 Nxf1+ 39. Kd4
dxe5+ 40. Kxe5 b6 41. Rc8 Kd7 42. Rh8 Ne3 43. Rxh4 Nxg2 44. Re4 Ke7 45. Kd4+
Kd7 46. Rg4 Ne1 47. Rg3 1-0

[Event "1. Bl. 0607"]
[Site "?"]
[Date "2007.03.08"]
[Round "8.6"]
[White "Genser, Harald"]
[Black "Danner, Georg"]
[Result "1/2-1/2"]
[WhiteElo "2334"]
[BlackElo "2421"]
[PlyCount "135"]
[EventDate "2006.11.03"]
[EventType "team"]
[EventRounds "11"]
[EventCountry "AUT"]
[WhiteTeam "SC Die Klagenfurter"]
[BlackTeam "Styria Graz   KlZeitung"]

1. d4 Nf6 2. c4 e6 3. Nf3 c5 4. d5 exd5 5. cxd5 d6 6. Nc3 g6 7. Nd2 Nbd7 8. e4
Bg7 9. Be2 O-O 10. O-O Re8 11. a4 Ne5 12. Re1 a6 13. Qc2 g5 14. Nf1 g4 15. Ng3
Kh8 16. Bg5 h6 17. Bd2 Rb8 18. Nd1 Ng6 19. Ne3 h5 20. Bc3 Ne5 21. Nef5 h4 22.
Nxh4 Nxd5 23. Nhf5 Nxc3 24. bxc3 Bxf5 25. Nxf5 Re6 26. Rab1 Bf8 27. Qb3 b5 28.
axb5 axb5 29. Qd1 Rg6 30. Rxb5 Nf3+ 31. gxf3 gxf3+ 32. Ng3 fxe2 33. Qxe2 Rxb5
34. Qxb5 Qh4 35. Qd7 Kg8 36. Kg2 Qf6 37. Re3 Qe6 38. Qxe6 fxe6 39. c4 Kf7 40.
Rb3 Bh6 41. Rf3+ Ke7 42. h4 Rg8 43. Kh3 Ra8 44. e5 Ra4 45. exd6+ Kxd6 46. Ne4+
Ke5 47. Nxc5 Rxc4 48. Nd7+ Kd6 49. Nf6 e5 50. Ng4 Bf4 51. Ne3 Ra4 52. Ng2 Bc1
53. Ne3 Ke6 54. h5 Ra8 55. Kh4 Rg8 56. h6 e4 57. Rf4 Ke5 58. Rf5+ Ke6 59. Rf4
Ke5 60. Rg4 Rh8 61. Kh5 Kd4 62. Nf5+ Kd3 63. Kg6 Rg8+ 64. Ng7 Bxh6 65. Kxh6 Rf8
66. Kg5 Rxf2 67. Nf5 Rf3 68. Rg3 1/2-1/2

[Event "1. Bl. 0607"]
[Site "?"]
[Date "2007.03.09"]
[Round "9.1"]
[White "Bischoff, Klaus"]
[Black "Luther, Thomas"]
[Result "1/2-1/2"]
[WhiteElo "2532"]
[BlackElo "2580"]
[PlyCount "22"]
[EventDate "2006.11.03"]
[EventType "team"]
[EventRounds "11"]
[EventCountry "AUT"]
[WhiteTeam "SC Die Klagenfurter"]
[BlackTeam "SpG Absam / ISK"]

1. d4 e6 2. c4 Nf6 3. Nf3 d5 4. Nc3 Bb4 5. cxd5 exd5 6. Bg5 O-O 7. Qc2 c5 8. a3
Bxc3+ 9. Qxc3 c4 10. e3 Nc6 11. Be2 Bf5 1/2-1/2

[Event "1. Bl. 0607"]
[Site "?"]
[Date "2007.03.09"]
[Round "9.2"]
[White "Dizdar, Goran"]
[Black "Horvath, Csaba"]
[Result "1/2-1/2"]
[WhiteElo "2541"]
[BlackElo "2538"]
[PlyCount "25"]
[EventDate "2006.11.03"]
[EventType "team"]
[EventRounds "11"]
[EventCountry "AUT"]
[WhiteTeam "SpG Absam / ISK"]
[BlackTeam "SC Die Klagenfurter"]

1. d4 Nf6 2. Nf3 g6 3. c4 Bg7 4. Nc3 d5 5. Bg5 Ne4 6. Bh4 Nxc3 7. bxc3 dxc4 8.
e3 b5 9. a4 c6 10. Nd2 a6 11. Be2 Ra7 12. Bf3 Bf5 13. e4 1/2-1/2

[Event "1. Bl. 0607"]
[Site "?"]
[Date "2007.03.09"]
[Round "9.4"]
[White "Pilz, Dieter"]
[Black "Pilaj, Herwig"]
[Result "1/2-1/2"]
[WhiteElo "2325"]
[BlackElo "2373"]
[PlyCount "32"]
[EventDate "2006.11.03"]
[EventType "team"]
[EventRounds "11"]
[EventCountry "AUT"]
[WhiteTeam "SpG Absam / ISK"]
[BlackTeam "SC Die Klagenfurter"]

1. e4 e6 2. d4 d5 3. Nc3 Bb4 4. Bd3 dxe4 5. Bxe4 Nf6 6. Bg5 Nbd7 7. Nge2 h6 8.
Bd2 Nxe4 9. Nxe4 Be7 10. N2g3 Nf6 11. Nxf6+ Bxf6 12. c3 e5 13. dxe5 Bxe5 14.
O-O O-O 15. Re1 Bxg3 16. hxg3 Be6 1/2-1/2

[Event "1. Bl. 0607"]
[Site "?"]
[Date "2007.03.09"]
[Round "9.5"]
[White "Moser, Guenter"]
[Black "Duer, Werner"]
[Result "1/2-1/2"]
[WhiteElo "2369"]
[BlackElo "2265"]
[PlyCount "33"]
[EventDate "2006.11.03"]
[EventType "team"]
[EventRounds "11"]
[EventCountry "AUT"]
[WhiteTeam "SC Die Klagenfurter"]
[BlackTeam "SpG Absam / ISK"]

1. f4 d5 2. Nf3 g6 3. g3 Bg7 4. Bg2 c6 5. Nc3 Nf6 6. d3 d4 7. Ne4 Nd5 8. O-O
O-O 9. Qe1 Qb6 10. Kh1 Nd7 11. c4 dxc3 12. Nxc3 Ne3 13. Bxe3 Qxe3 14. Nd2 Nf6
15. Nc4 Qc5 16. Rc1 Qh5 17. Ne5 1/2-1/2

[Event "1. Bl. 0607"]
[Site "?"]
[Date "2007.03.09"]
[Round "9.6"]
[White "Gerhold, Michael"]
[Black "Genser, Harald"]
[Result "1/2-1/2"]
[WhiteElo "2218"]
[BlackElo "2334"]
[PlyCount "62"]
[EventDate "2006.11.03"]
[EventType "team"]
[EventRounds "11"]
[EventCountry "AUT"]
[WhiteTeam "SpG Absam / ISK"]
[BlackTeam "SC Die Klagenfurter"]

1. Nf3 d5 2. d4 Nf6 3. c4 e6 4. Nc3 dxc4 5. e4 Bb4 6. Bg5 c5 7. Bxc4 cxd4 8.
Nxd4 Bxc3+ 9. bxc3 Qa5 10. Bb5+ Nbd7 11. Bxf6 Qxc3+ 12. Kf1 gxf6 13. h4 a6 14.
Rh3 Qb4 15. Rb1 Qd6 16. Be2 O-O 17. Qd2 Kh8 18. Rg3 Rg8 19. Rbb3 Rxg3 20. Rxg3
b5 21. Bh5 Bb7 22. Bxf7 Rf8 23. Bxe6 Nc5 24. Bf5 Nxe4 25. Bxe4 Bxe4 26. Kg1 Rg8
27. Rxg8+ Kxg8 28. Qe3 Bg6 29. f4 Qd5 30. a3 Qe4 31. Qc3 Bf5 1/2-1/2

[Event "1. Bl. 0607"]
[Site "?"]
[Date "2007.03.09"]
[Round "9.1"]
[White "Bokros, Albert"]
[Black "Ruck, Robert"]
[Result "1/2-1/2"]
[WhiteElo "2465"]
[BlackElo "2531"]
[PlyCount "45"]
[EventDate "2006.11.03"]
[EventType "team"]
[EventRounds "11"]
[EventCountry "AUT"]
[WhiteTeam "SK Leoben"]
[BlackTeam "Styria Graz   KlZeitung"]

1. e4 c5 2. Nf3 d6 3. d4 cxd4 4. Nxd4 Nf6 5. f3 Nc6 6. c4 Qb6 7. Nc2 e6 8. Nc3
Be7 9. Rb1 O-O 10. Be3 Qc7 11. Be2 Rd8 12. O-O d5 13. exd5 exd5 14. Nb5 Qd7 15.
Qe1 a6 16. Nbd4 Ne5 17. cxd5 Nxd5 18. Bf2 Bf6 19. Rd1 Qc7 20. Rc1 Bg5 21. Bh4
Qe7 22. Bxg5 Qxg5 23. Qg3 1/2-1/2

[Event "1. Bl. 0607"]
[Site "?"]
[Date "2007.03.09"]
[Round "9.2"]
[White "Markus, Robert"]
[Black "Horvath, Peter"]
[Result "1/2-1/2"]
[WhiteElo "2560"]
[BlackElo "2451"]
[PlyCount "59"]
[EventDate "2006.11.03"]
[EventType "team"]
[EventRounds "11"]
[EventCountry "AUT"]
[WhiteTeam "Styria Graz   KlZeitung"]
[BlackTeam "SK Leoben"]

1. d4 d5 2. c4 e6 3. Nf3 Nf6 4. e3 b6 5. Nc3 Be7 6. Bd3 Bb7 7. O-O O-O 8. cxd5
exd5 9. b3 Nbd7 10. Bb2 Ne4 11. Rc1 Rc8 12. Ne2 Bd6 13. Ng3 Nxg3 14. hxg3 Qe7
15. Qe2 Nf6 16. Rc2 Ne4 17. Rd1 Rfd8 18. Ne5 c5 19. Bxe4 dxe4 20. Nc4 cxd4 21.
Nxd6 Rxc2 22. Qxc2 Qxd6 23. Rxd4 Qb8 24. Qc3 Rxd4 25. Qxd4 f6 26. Qc4+ Kh8 27.
Qf7 Qa8 28. Bd4 Bd5 29. Qd7 h6 30. Qc7 1/2-1/2

[Event "1. Bl. 0607"]
[Site "?"]
[Date "2007.03.09"]
[Round "9.1"]
[White "Rausis, Igors"]
[Black "Gyimesi, Zoltan"]
[Result "1/2-1/2"]
[WhiteElo "2521"]
[BlackElo "2611"]
[PlyCount "25"]
[EventDate "2006.11.03"]
[EventType "team"]
[EventRounds "11"]
[EventCountry "AUT"]
[WhiteTeam "SK Advisory Invest Baden"]
[BlackTeam "Union Ansfelden"]

1. e4 e5 2. Nf3 Nc6 3. d4 exd4 4. Nxd4 Nf6 5. Nc3 Bb4 6. Nxc6 bxc6 7. Bd3 O-O
8. O-O d5 9. exd5 cxd5 10. Bg5 c6 11. Na4 Bd6 12. Re1 h6 13. Bh4 1/2-1/2

[Event "1. Bl. 0607"]
[Site "?"]
[Date "2007.03.09"]
[Round "9.2"]
[White "Ftacnik, Lubomir"]
[Black "Siebrecht, Sebastian"]
[Result "1/2-1/2"]
[WhiteElo "2582"]
[BlackElo "2457"]
[PlyCount "77"]
[EventDate "2006.11.03"]
[EventType "team"]
[EventRounds "11"]
[EventCountry "AUT"]
[WhiteTeam "Union Ansfelden"]
[BlackTeam "SK Advisory Invest Baden"]

1. d4 d5 2. c4 c6 3. Nf3 Nf6 4. e3 e6 5. Bd3 Nbd7 6. O-O Bd6 7. Nc3 O-O 8. e4
dxc4 9. Bxc4 e5 10. Bg5 Qe7 11. Re1 Rd8 12. d5 Nb6 13. Bb3 Bg4 14. h3 Bh5 15.
g4 Bg6 16. dxc6 bxc6 17. Nh4 a5 18. a4 Nbd7 19. Nf5 Bxf5 20. gxf5 Rab8 21. Qc2
h6 22. Bh4 Bc5 23. Ne2 Bb4 24. Red1 Nc5 25. Ng3 Rd4 26. Bc4 Rbd8 27. Qe2 Bd2
28. b3 Bg5 29. Bxg5 hxg5 30. Rxd4 Rxd4 31. f3 Qd6 32. Rc1 Nd3 33. Bxd3 Rxd3 34.
Rxc6 Rd1+ 35. Kf2 Qd7 36. Rc7 Qd6 37. Rc6 Qd7 38. Rc7 Qd6 39. Rc6 1/2-1/2

[Event "1. Bl. 0607"]
[Site "?"]
[Date "2007.03.09"]
[Round "9.5"]
[White "Baumegger, Siegfried"]
[Black "Stanec, Nikolaus"]
[Result "1/2-1/2"]
[WhiteElo "2418"]
[BlackElo "2504"]
[PlyCount "52"]
[EventDate "2006.11.03"]
[EventType "team"]
[EventRounds "11"]
[EventCountry "AUT"]
[WhiteTeam "SK Advisory Invest Baden"]
[BlackTeam "Union Ansfelden"]

1. c4 e5 2. Nc3 Nf6 3. Nf3 d6 4. d4 Nbd7 5. e4 Be7 6. Be2 O-O 7. O-O c6 8. Re1
Qc7 9. Bf1 Re8 10. Bg5 h6 11. Bh4 Nh7 12. Bxe7 Rxe7 13. d5 c5 14. Nb5 Qb8 15.
a3 a6 16. Nc3 Qc7 17. b4 Nhf6 18. Nd2 b6 19. Rb1 Re8 20. Na4 Rb8 21. Qc2 Nf8
22. bxc5 bxc5 23. Rxb8 Qxb8 24. Rb1 Qc7 25. Nb6 Bb7 26. Rb3 N8d7 1/2-1/2

[Event "1. Bl. 0607"]
[Site "?"]
[Date "2007.03.09"]
[Round "9.1"]
[White "Pavasovic, Dusko"]
[Black "Rotstein, Arkadij"]
[Result "0-1"]
[WhiteElo "2575"]
[BlackElo "2545"]
[PlyCount "87"]
[EventDate "2006.11.03"]
[EventType "team"]
[EventRounds "11"]
[EventCountry "AUT"]
[WhiteTeam "SK KlZtg MPOe Maria Saal"]
[BlackTeam "SV Tschaturanga Neubau"]

1. e4 c5 2. Nf3 e6 3. d4 cxd4 4. Nxd4 Nf6 5. Nc3 d6 6. Be3 a6 7. f3 Nc6 8. Qd2
Be7 9. O-O-O O-O 10. g4 Nd7 11. h4 Nde5 12. Qg2 b5 13. Nxc6 Nxc6 14. g5 Bb7 15.
h5 Rc8 16. g6 Bf6 17. h6 fxg6 18. hxg7 Bxg7 19. Qh3 Kf7 20. f4 Ne7 21. Bd4 Bxd4
22. Rxd4 h5 23. Be2 Qb6 24. Rhd1 Rcd8 25. Qg3 b4 26. Na4 Qa5 27. Qb3 d5 28.
Rxb4 Bc6 29. e5 Ra8 30. a3 Qc7 31. Nc5 Bb5 32. Bxb5 Qxc5 33. Bd7 Ra7 34. Rb7
Rfa8 35. Ba4 Rxb7 36. Qxb7 Qa7 37. Qb3 Rc8 38. Qf3 Rc4 39. Bb3 Re4 40. f5 Nxf5
41. Rxd5 Re3 42. Qd1 exd5 43. Qxd5+ Kg7 44. Kb1 0-1

[Event "1. Bl. 0607"]
[Site "?"]
[Date "2007.03.09"]
[Round "9.2"]
[White "Wukits, Rene"]
[Black "Ragger, Markus"]
[Result "0-1"]
[WhiteElo "2298"]
[BlackElo "2487"]
[PlyCount "44"]
[EventDate "2006.11.03"]
[EventType "team"]
[EventRounds "11"]
[EventCountry "AUT"]
[WhiteTeam "SV Tschaturanga Neubau"]
[BlackTeam "SK KlZtg MPOe Maria Saal"]

1. d4 d5 2. Nf3 Nf6 3. c4 c6 4. Nc3 dxc4 5. g3 b5 6. Bg2 e6 7. Ne5 Qb6 8. O-O
Bb7 9. e4 Nbd7 10. Be3 c5 11. a4 a6 12. axb5 axb5 13. Rxa8+ Bxa8 14. Qa1 Bb7
15. Rd1 cxd4 16. Bxd4 Bc5 17. Nxd7 Nxd7 18. Bxg7 Bxf2+ 19. Kh1 Rg8 20. Bh6 Ne5
21. b3 Ng4 22. Nxb5 Bc5 0-1

[Event "1. Bl. 0607"]
[Site "?"]
[Date "2007.03.09"]
[Round "9.4"]
[White "Kreindl, Helmut"]
[Black "Buhmann, Rainer"]
[Result "0-1"]
[WhiteElo "2205"]
[BlackElo "2547"]
[PlyCount "66"]
[EventDate "2006.11.03"]
[EventType "team"]
[EventRounds "11"]
[EventCountry "AUT"]
[WhiteTeam "SV Tschaturanga Neubau"]
[BlackTeam "SK KlZtg MPOe Maria Saal"]

1. d4 d5 2. Bg5 c6 3. e3 Nd7 4. Nf3 Ngf6 5. Nbd2 Qb6 6. Qc1 h6 7. Bh4 g5 8. Bg3
Nh5 9. Ne5 Nxg3 10. Nxd7 Bxd7 11. hxg3 c5 12. c3 cxd4 13. exd4 Bg7 14. Nf3 g4
15. Ne5 Bxe5 16. dxe5 d4 17. Qd2 dxc3 18. bxc3 O-O-O 19. Qf4 Qb2 20. Qc1 Qb6
21. Qf4 h5 22. Bd3 Bb5 23. Bxb5 Qxb5 24. c4 Qb4+ 25. Kf1 Qc3 26. Rc1 Qd2 27.
Qf5+ e6 28. Qb1 Rd4 29. Kg1 Qg5 30. c5 Qxe5 31. c6 b6 32. Rh4 Rd2 33. Rc2 Qf5
0-1

[Event "1. Bl. 0607"]
[Site "?"]
[Date "2007.03.09"]
[Round "9.5"]
[White "Diermair, Andreas"]
[Black "Lenz, Alarich"]
[Result "1-0"]
[WhiteElo "2391"]
[BlackElo "2213"]
[PlyCount "41"]
[EventDate "2006.11.03"]
[EventType "team"]
[EventRounds "11"]
[EventCountry "AUT"]
[WhiteTeam "SK KlZtg MPOe Maria Saal"]
[BlackTeam "SV Tschaturanga Neubau"]

1. e4 c5 2. Nf3 e6 3. d4 cxd4 4. Nxd4 Nf6 5. Nc3 d6 6. Be3 a6 7. g4 h5 8. g5
Ng4 9. Bc1 Qb6 10. h3 Ne5 11. Nb3 Nbc6 12. Be3 Qc7 13. f4 Nd7 14. g6 fxg6 15.
Qd2 Nf6 16. Rg1 b5 17. e5 dxe5 18. Bd3 Ne7 19. fxe5 Qxe5 20. O-O-O Nf5 21. Bf4
1-0

[Event "1. Bl. 0607"]
[Site "?"]
[Date "2007.03.09"]
[Round "9.6"]
[White "Petschar, Hans"]
[Black "Kaspret, Guido"]
[Result "0-1"]
[WhiteElo "2109"]
[BlackElo "2322"]
[PlyCount "68"]
[EventDate "2006.11.03"]
[EventType "team"]
[EventRounds "11"]
[EventCountry "AUT"]
[WhiteTeam "SV Tschaturanga Neubau"]
[BlackTeam "SK KlZtg MPOe Maria Saal"]

1. c4 e5 2. Nc3 Nc6 3. Nf3 Nf6 4. g3 d5 5. cxd5 Nxd5 6. Bg2 Nb6 7. O-O Be7 8.
a3 a5 9. d3 Be6 10. Na4 Nd5 11. d4 e4 12. Ne5 Nxe5 13. dxe5 b5 14. Nc3 Nxc3 15.
bxc3 Qd5 16. Qc2 Bf5 17. Rd1 Qxe5 18. Bf4 Qe6 19. Bxc7 O-O 20. Qb2 Rfc8 21. Bf4
Bf6 22. Qxb5 Bxc3 23. Rac1 g6 24. h4 h5 25. Rd5 Bg7 26. Rxc8+ Qxc8 27. Rc5 Qd8
28. Rd5 Qc8 29. Rc5 Qe6 30. Rd5 a4 31. Be5 Bf8 32. Bb2 Ra6 33. Re5 Rb6 34. Rxf5
gxf5 0-1

[Event "1. Bl. 0607"]
[Site "?"]
[Date "2007.03.09"]
[Round "9.2"]
[White "Likavsky, Tomas"]
[Black "Baramidze, David"]
[Result "1/2-1/2"]
[WhiteElo "2492"]
[BlackElo "2561"]
[PlyCount "137"]
[EventDate "2006.11.03"]
[EventType "team"]
[EventRounds "11"]
[EventCountry "AUT"]
[WhiteTeam "ASVOe Wulkaprodersdorf"]
[BlackTeam "SK Hohenems"]

1. c4 c5 2. Nf3 Nc6 3. d4 cxd4 4. Nxd4 d5 5. Nc3 dxc4 6. Nxc6 Qxd1+ 7. Nxd1
bxc6 8. e4 Nf6 9. f3 e5 10. Bxc4 Bb4+ 11. Ke2 Ke7 12. Be3 Nd7 13. Rc1 Rd8 14.
Nf2 Nb6 15. Nd3 Bd6 16. Nc5 Nxc4 17. Rxc4 f6 18. Rhc1 a5 19. Ra4 Bxc5 20. Bxc5+
Ke8 21. Ke1 Bd7 22. Bd6 Ra7 23. b3 Rda8 24. Rc5 Kf7 25. f4 exf4 26. Bxf4 Rb7
27. Bd2 Rb5 28. Rcc4 c5 29. Ra3 Be6 30. Rca4 c4 31. bxc4 Rc5 32. Kf2 Rxc4 33.
Rxc4 Bxc4 34. Ra4 Bb5 35. Rxa5 Rxa5 36. Bxa5 Bc6 37. Ke3 f5 38. exf5 Bxg2 39.
Bc3 Bc6 40. Kd4 Ba4 41. Ke5 Bc2 42. a3 Ba4 43. Kd6 Bc2 44. Ke5 Ba4 45. Be1 Bc2
46. Bh4 Ba4 47. Kf4 Bc2 48. Kg5 Ba4 49. Kf4 Bc2 50. Ke5 Ba4 51. f6 gxf6+ 52.
Bxf6 Bc2 53. Bh4 Ke8 54. Kd6 Bd1 55. Kc7 Bc2 56. Kc6 Bd1 57. Kc7 Bc2 58. Be1
Bd1 59. Bb4 Bc2 60. Bc5 Bd1 61. h4 h5 62. Bb6 Ba4 63. Kd6 Bd1 64. Kc6 Ba4+ 65.
Kc5 Kd7 66. Kb4 Bd1 67. a4 Kc6 68. a5 Kb7 69. Kc5 1/2-1/2

[Event "1. Bl. 0607"]
[Site "?"]
[Date "2007.03.09"]
[Round "9.3"]
[White "Atlas, Valeri"]
[Black "Polzin, Rainer"]
[Result "1/2-1/2"]
[WhiteElo "2488"]
[BlackElo "2470"]
[PlyCount "110"]
[EventDate "2006.11.03"]
[EventType "team"]
[EventRounds "11"]
[EventCountry "AUT"]
[WhiteTeam "SK Hohenems"]
[BlackTeam "ASVOe Wulkaprodersdorf"]

1. e4 c5 2. Nf3 d6 3. d4 cxd4 4. Nxd4 Nf6 5. Nc3 g6 6. g3 Nc6 7. Nde2 b6 8. Bg2
Ba6 9. O-O Bg7 10. b3 O-O 11. Bb2 Rc8 12. Rb1 Qc7 13. Re1 e6 14. a4 Rfd8 15.
Nb5 Qb8 16. c4 Bb7 17. Nbc3 Ne5 18. Nf4 a6 19. Nd3 Ned7 20. Qe2 Qa8 21. f4 h5
22. h3 e5 23. Nd5 Nxd5 24. cxd5 a5 25. fxe5 dxe5 26. Qd1 Ba6 27. Nf2 Qb8 28.
Bf1 Bxf1 29. Kxf1 Qb7 30. Qe2 Nc5 31. Ba3 Bh6 32. h4 Qd7 33. g4 hxg4 34. Nxg4
Bg7 35. Bxc5 Rxc5 36. Rbc1 Rdc8 37. Rxc5 Rxc5 38. Qf3 b5 39. axb5 Qxb5+ 40. Kg1
Rc2 41. Rf1 Qc5+ 42. Rf2 Rxf2 43. Nxf2 Bh6 44. Kg2 Be3 45. Ng4 Qc2+ 46. Kh3 Bf4
47. Nf2 Qd2 48. h5 gxh5 49. Kh4 Kf8 50. Kxh5 Ke7 51. Nh3 Be3 52. Kg4 Qc1 53.
Kh5 Qd2 54. Kg4 Qc1 55. Kh5 Qd2 1/2-1/2

[Event "1. Bl. 0607"]
[Site "?"]
[Date "2007.03.09"]
[Round "9.4"]
[White "Sommerbauer, Norbert"]
[Black "Naumann, Alexander"]
[Result "1-0"]
[WhiteElo "2463"]
[BlackElo "2549"]
[PlyCount "61"]
[EventDate "2006.11.03"]
[EventType "team"]
[EventRounds "11"]
[EventCountry "AUT"]
[WhiteTeam "ASVOe Wulkaprodersdorf"]
[BlackTeam "SK Hohenems"]

1. e4 c5 2. Nc3 a6 3. f4 b5 4. g3 Bb7 5. Bg2 b4 6. Nd5 e6 7. Ne3 Nf6 8. d3 d5
9. e5 Nfd7 10. Nf3 Nc6 11. O-O Qc7 12. c3 bxc3 13. bxc3 Be7 14. d4 g6 15. Rb1
h5 16. c4 cxd4 17. Nxd5 exd5 18. cxd5 Bc5 19. Rxb7 Qxb7 20. dxc6 Qxc6 21. Ng5
Qc8 22. Qb3 O-O 23. e6 Nf6 24. exf7+ Kh8 25. Qd3 Qf5 26. Qxf5 gxf5 27. Bxa8
Rxa8 28. Ne6 Ne4 29. Nxc5 Nxc5 30. Ba3 Nd7 31. Re1 1-0

[Event "1. Bl. 0607"]
[Site "?"]
[Date "2007.03.09"]
[Round "9.5"]
[White "Novkovic, Milan"]
[Black "Schweda, Roland"]
[Result "1/2-1/2"]
[WhiteElo "2415"]
[BlackElo "2436"]
[PlyCount "118"]
[EventDate "2006.11.03"]
[EventType "team"]
[EventRounds "11"]
[EventCountry "AUT"]
[WhiteTeam "SK Hohenems"]
[BlackTeam "ASVOe Wulkaprodersdorf"]

1. Nf3 Nf6 2. g3 g6 3. b3 Bg7 4. Bb2 O-O 5. Bg2 d6 6. d4 e5 7. dxe5 Ng4 8. h3
Nxe5 9. Nxe5 Bxe5 10. Bxe5 dxe5 11. Qxd8 Rxd8 12. Nd2 Na6 13. O-O-O Re8 14. Nc4
e4 15. g4 b6 16. a3 Nc5 17. Ne3 Bb7 18. Nd5 Re5 19. Nf6+ Kg7 20. Nd7 Nxd7 21.
Rxd7 Rc8 22. h4 Bc6 23. Rd4 Rce8 24. Rh3 R8e7 25. Rg3 h5 26. e3 hxg4 27. Rxg4
f5 28. Rg3 Kf6 29. Bf1 Rh7 30. Rh3 Rd5 31. Rxd5 Bxd5 32. b4 Be6 33. Rh1 Ke5 34.
Bg2 Bc4 35. Kd2 Rd7+ 36. Kc3 Be2 37. a4 Rh7 38. a5 Bg4 39. Kc4 Be2+ 40. Kc3 Bg4
41. Kc4 c6 42. Kc3 Rh8 43. Kc4 Rd8 44. Kc3 Bd1 45. axb6 axb6 46. Rh3 Bg4 47.
Rh1 Ra8 48. Rf1 Rh8 49. Rh1 Bf3 50. Bxf3 exf3 51. Rg1 Rxh4 52. Rxg6 Rh2 53.
Rxc6 Rxf2 54. Rc4 Rf1 55. Rf4 b5 56. Kd2 Rf2+ 57. Kd3 Rf1 58. Kd2 Rf2+ 59. Kd3
Rf1 1/2-1/2

[Event "1. Bl. 0607"]
[Site "?"]
[Date "2007.03.09"]
[Round "9.6"]
[White "Volkmann, Friedrich Karl"]
[Black "Gaertner, Guntram"]
[Result "1-0"]
[WhiteElo "2418"]
[BlackElo "2300"]
[PlyCount "95"]
[EventDate "2006.11.03"]
[EventType "team"]
[EventRounds "11"]
[EventCountry "AUT"]
[WhiteTeam "ASVOe Wulkaprodersdorf"]
[BlackTeam "SK Hohenems"]

1. e4 c5 2. Nf3 e6 3. b3 Nf6 4. e5 Nd5 5. Bb2 Nc6 6. g3 Be7 7. c4 Nc7 8. Nc3
O-O 9. Ne4 Ne8 10. Bg2 f6 11. O-O fxe5 12. Nxe5 Nxe5 13. Bxe5 d6 14. Bb2 e5 15.
a3 a5 16. Bc3 Nf6 17. f4 Nxe4 18. Bxe4 Bf6 19. fxe5 dxe5 20. Qh5 g6 21. Bxg6
hxg6 22. Qxg6+ Kh8 23. Rae1 Bg7 24. Rxf8+ Qxf8 25. Rxe5 Ra6 26. Re8 Rxg6 27.
Rxf8+ Kh7 28. Rxc8 Bxc3 29. dxc3 Rb6 30. Rxc5 Rxb3 31. Rxa5 Rxc3 32. Rb5 Rxc4
33. Rxb7+ Kg6 34. Kg2 Rc2+ 35. Kh3 Ra2 36. Ra7 Kg5 37. Ra5+ Kg6 38. g4 Rc2 39.
Kg3 Rc3+ 40. Kh4 Rc8 41. Ra6+ Kg7 42. a4 Rh8+ 43. Kg3 Rc8 44. g5 Rc4 45. h4 Kh7
46. h5 Kg7 47. Ra7+ Kg8 48. g6 1-0

[Event "1. Bl. 0607"]
[Site "?"]
[Date "2007.03.09"]
[Round "9.2"]
[White "Korneev, Oleg"]
[Black "Lehner, Oliver"]
[Result "1-0"]
[WhiteElo "2606"]
[BlackElo "2415"]
[PlyCount "109"]
[EventDate "2006.11.03"]
[EventType "team"]
[EventRounds "11"]
[EventCountry "AUT"]
[WhiteTeam "SpG Holz Dohr   Semriach"]
[BlackTeam "SK Sparkasse Jenbach"]

1. e4 e5 2. Nf3 Nf6 3. d4 Nxe4 4. dxe5 d5 5. Nbd2 Be7 6. Nxe4 dxe4 7. Qxd8+
Bxd8 8. Nd4 O-O 9. Bf4 c5 10. Nb5 Ba5+ 11. c3 Nc6 12. Nd6 Bc7 13. Bc4 Be6 14.
Bxe6 fxe6 15. Bg3 Bxd6 16. exd6 e5 17. Ke2 Rad8 18. Rad1 Kf7 19. Ke3 Ke6 20.
Kxe4 b6 21. Rd5 Rxd6 22. c4 Ke7 23. Rhd1 Re6 24. Rd7+ Kf6 25. R1d6 Rfe8 26.
Bh4+ g5 27. Bg3 h5 28. h4 g4 29. Rxe6+ Rxe6 30. Rh7 Kg6 31. Rd7 Kf6 32. a3 a5
33. Rh7 Kg6 34. Rd7 Kf6 35. Rh7 Kg6 36. Rb7 Nd8 37. Kd5 Kf6 38. Rd7 Nf7 39. f3
gxf3 40. gxf3 Nh6 41. Be1 Nf5 42. Bc3 Nd4 43. Bd2 Kg6 44. Bg5 a4 45. Ke4 b5 46.
Rc7 bxc4 47. Rxc5 Rb6 48. f4 Rxb2 49. f5+ Kf7 50. Rc7+ Ke8 51. f6 Rf2 52. Kxe5
Nf3+ 53. Kd6 Nxg5 54. hxg5 Rg2 55. Kd5 1-0

[Event "1. Bl. 0607"]
[Site "?"]
[Date "2007.03.09"]
[Round "9.4"]
[White "Freitag, Manfred"]
[Black "Reich, Thomas"]
[Result "1/2-1/2"]
[WhiteElo "2402"]
[BlackElo "2433"]
[PlyCount "38"]
[EventDate "2006.11.03"]
[EventType "team"]
[EventRounds "11"]
[EventCountry "AUT"]
[WhiteTeam "SpG Holz Dohr   Semriach"]
[BlackTeam "SK Sparkasse Jenbach"]

1. e4 g6 2. d4 Bg7 3. c4 Nf6 4. e5 Ng8 5. Nf3 d6 6. Be2 Nc6 7. exd6 exd6 8. Nc3
Nge7 9. d5 Ne5 10. O-O Nxf3+ 11. Bxf3 O-O 12. Bf4 Nf5 13. Qd2 h6 14. Be4 g5 15.
Bxf5 Bxf5 16. Be3 Qf6 17. Rad1 a6 18. Qc1 Qg6 19. Bd4 Rfe8 1/2-1/2

[Event "1. Bl. 0607"]
[Site "?"]
[Date "2007.03.10"]
[Round "10.3"]
[White "Teske, Henrik"]
[Black "Baklan, Vladimir"]
[Result "1/2-1/2"]
[WhiteElo "2524"]
[BlackElo "2618"]
[PlyCount "29"]
[EventDate "2006.11.03"]
[EventType "team"]
[EventRounds "11"]
[EventCountry "AUT"]
[WhiteTeam "SpG Absam / ISK"]
[BlackTeam "SpG Holz Dohr   Semriach"]

1. d4 Nf6 2. c4 e6 3. Nc3 Bb4 4. e3 O-O 5. Bd3 c5 6. Nge2 cxd4 7. exd4 d5 8.
cxd5 exd5 9. O-O Nc6 10. Bg5 Be7 11. Rc1 Bg4 12. Qb3 h6 13. Bxf6 Bxf6 14. Qxb7
Bxe2 15. Nxe2 1/2-1/2

[Event "1. Bl. 0607"]
[Site "?"]
[Date "2007.03.10"]
[Round "10.4"]
[White "Freitag, Manfred"]
[Black "Pilz, Dieter"]
[Result "1-0"]
[WhiteElo "2402"]
[BlackElo "2325"]
[PlyCount "111"]
[EventDate "2006.11.03"]
[EventType "team"]
[EventRounds "11"]
[EventCountry "AUT"]
[WhiteTeam "SpG Holz Dohr   Semriach"]
[BlackTeam "SpG Absam / ISK"]

1. e4 c5 2. Nf3 Nc6 3. d4 cxd4 4. Nxd4 e5 5. Nb5 d6 6. N1c3 a6 7. Na3 Be6 8.
Nc4 Rc8 9. Be3 Nd4 10. Bxd4 Bxc4 11. Bxc4 Rxc4 12. Be3 h6 13. Qd3 Rc6 14. O-O-O
Nf6 15. f3 Be7 16. Kb1 Qa5 17. g4 O-O 18. h4 Rfc8 19. Bd2 Qd8 20. g5 Nh5 21.
Nd5 g6 22. c3 Rc5 23. Be3 Rxd5 24. Qxd5 Rc6 25. Rhg1 Qe8 26. Rdf1 hxg5 27. hxg5
Bf8 28. Rf2 Rc7 29. Rh2 Qc6 30. Rgh1 Qxd5 31. exd5 Be7 32. Kc2 Bf8 33. Kd3 Bg7
34. Rxh5 gxh5 35. Rxh5 b5 36. Rh4 f5 37. Rb4 Kf7 38. a4 Rb7 39. axb5 axb5 40.
Kd2 Kg6 41. c4 f4 42. Bf2 e4 43. fxe4 Kxg5 44. cxb5 Kg4 45. Rb3 Be5 46. b6 f3
47. Ra3 Rh7 48. Kd3 Rh2 49. b7 Rxf2 50. b8=Q Rxb2 51. Qg8+ Kf4 52. Qf7+ Kg3 53.
Kc4 Rf2 54. Qg6+ Kh2 55. Qg4 Rc2+ 56. Kb4 1-0